| 000 | 00718nam a2200193 i 4500 | ||
|---|---|---|---|
| 001 | 158666 | ||
| 003 | ES-MaACL | ||
| 005 | 20230906211249.0 | ||
| 008 | 040902s1894 gw |||| | spa d | ||
| 040 |
_aCAM _bspa _cCAM |
||
| 100 | 1 |
_aMarban, Pedro _c(S.I.) _9129436 |
|
| 245 | 1 | 0 |
_aArte de la lengua moxa _b: con su vocabulario y cathecismo / _ccompuesto por Padre Marban ; publicado de nuevo por Julio Platzmann. |
| 250 | _aEd. facsimilar. | ||
| 260 |
_aLeipzig : _bB.G. Teubner, _c1894. |
||
| 300 |
_a[18], 664, 202, [1] p. ; _c17 cm. |
||
| 650 | 4 |
_aLengua mojo- _xGramática. _9162857 |
|
| 700 | 1 |
_aPlatzmann, Julius. _9131215 |
|
| 852 |
_aES-MaACL _jG-155 _z- Enc. pasta española, conservando la cub. original |
||
| 999 |
_c158666 _d158666 |
||